Vista normal
Vista MARC
Entrada Personal Name
Número de registros utilizados en: 1
001 - CONTROL NUMBER
- control field: 9333
003 - CONTROL NUMBER IDENTIFIER
- control field: OSt
005 - DATE AND TIME OF LATEST TRANSACTION
- control field: 20200827100841.0
008 - FIXED-LENGTH DATA ELEMENTS
- fixed length control field: 200827|| aca||aabn | a|a d
040 ## - CATALOGING SOURCE
- Original cataloging agency: OSt
- Transcribing agency: OSt
100 ## - HEADING--PERSONAL NAME
- Personal name: Martner, Gonzalo
670 ## - SOURCE DATA FOUND
- Source citation: Work cat.: (OSt)4443: Martner, Gonzalo, autor, Planificacion y presupuesto por programas / , 1977